Dans quels pays se trouvent ces grands prix ? - Statistiques

Statistiques générales
  • Ce quiz a été pris 81 fois
  • Le résultat moyen est 22 sur 24
Statistiques - réponses
Grands Prix Pays % Correct
Montréal Canada
100%
Shanghaï Chine
100%
Barcelone Espagne
100%
Miami Etats-Unis
100%
Austin Etats-Unis
100%
Las Vegas Etats-Unis
100%
Melbourne Australie
99%
Sao Paulo Brésil
99%
Monte-Carlo Monaco
99%
Budapest Hongrie
97%
Suzuka Japon
97%
Mexico Mexique
97%
Djeddah Arabie Saoudite
95%
Monza Italie
95%
Imola Saint-Marin/Italie
95%
Spa-Francorchamps Belgique
91%
Zandvoort Pays-Bas
89%
Silverstone Royaume-Uni
88%
Bakou Azerbaïdjan
87%
Yas Marina Emirats Arabes Unis
82%
Losail Qatar
78%
Spieleberg Autriche
74%
Sakhir Bahreïn
66%
Marina Bay Singapour
53%
Aucun quiz correspondant
Distribution des résultats
% des personnes avec chaque résultat
Percentile par nombre de réponses
Votre historique - résultats
Vous n’avez pas pris ce quiz